MARC

LEADER 00000nam0a2200000 4500
001 64101
005 20231101212117.0
010 |a 0194358003 
035 |a (RuTPU)RU\TPU\book\68013 
090 |a 64101 
100 |a 20040525d2000 m y0engy50 ba 
101 0 |a eng 
102 |a US 
105 |a a j 000zy 
200 1 |a New Headway English Course. Upper-Intermediate  |e Student's Book  |f L. Soars, J. Soars 
210 |a New York  |c Oxford University Press  |d 2000 
215 |a 160 p.  |c il. 
606 1 |a Английский язык  |x Учебные руководства и пособия  |x Учебные руководства и пособия для высшей школы  |2 stltpush  |3 (RuTPU)RU\TPU\subj\29071  |9 52483 
610 1 |a учебные пособия 
610 1 |a лексика 
610 1 |a грамматика 
610 1 |a разговорная речь 
610 1 |a упражнения 
686 |a Ш143.21-923  |v LBC/SL-A  |2 rubbk 
700 1 |a Soars  |b L.  |g Liz 
701 1 |a Soars  |b J.  |g John 
801 1 |a RU  |b 63413507  |c 20040525  |g PSBO 
801 2 |a RU  |b 63413507  |c 20230405  |g PSBO 
942 |c BK